000 00610nam a2200229Ia 4500
003 OSt
005 20221007072645.0
006 a|||||r|||| 00| 0
007 ta
008 221006b |||||||| |||| 00| 0 eng d
024 _a26,111
037 _cTextual
040 _aFLL
_cFLL
_beng
041 _2eng
_aeng
082 _aZ3:8e, K6
100 _aLazarus Stuart
_9254834
245 0 _aQuestions and answers on conveyancing
260 _aLondon
_bSweet & Maxwell Ltd. London
_c1966
300 _a1-102p
_ccm.
942 _hZ3:8e, K6
_cTEXL
_2CC
999 _c1146657
_d1146657